|
|
|
|
| LEADER |
00000cam a2200000 a 4500 |
| 001 |
54409 |
| 003 |
CZ-ZlUTB |
| 005 |
20190826002048.0 |
| 007 |
ta |
| 008 |
090831s2009 xr ac g 000 j cze |
| 015 |
|
|
|a cnb001991992
|
| 020 |
|
|
|a 9788025122785
|q (váz.)
|z 978-80-251-2176-4
|
| 035 |
|
|
|a (OCoLC)455851551
|
| 040 |
|
|
|a OLA001
|b cze
|d BOA001
|d ABA001
|d ZLD002
|
| 072 |
|
7 |
|a 821.162.3-3
|x Česká próza
|2 Konspekt
|9 11
|
| 080 |
|
|
|a 821.162.3-32
|2 MRF
|
| 080 |
|
|
|a (0:82-32)
|2 MRF
|
| 080 |
|
|
|a (0:82-25)791
|2 MRF
|
| 100 |
1 |
|
|a Svátek, Daniel,
|d 1975-
|7 jn20010602670
|4 sce
|
| 245 |
1 |
0 |
|a Hodinu nevíš :
|b příběh nemocničního vraha
|
| 250 |
|
|
|a Vyd. 1.
|
| 260 |
|
|
|a Brno :
|b Computer Press,
|c 2009
|
| 300 |
|
|
|a 128 s. :
|b il. (převážně barev.), portréty ;
|c 25 cm
|
| 505 |
0 |
0 |
|t Hodinu nevíš /
|r scénář k celovečernímu filmu Dan Svátek --
|t Vraždy ze závisti /
|r knižní předloha k celovečernímu filmu Miroslav Skačáni
|
| 655 |
|
7 |
|a české příběhy
|7 fd133973
|2 czenas
|
| 655 |
|
7 |
|a filmové scénáře
|7 fd132263
|2 czenas
|
| 655 |
|
9 |
|a Czech stories
|2 eczenas
|
| 655 |
|
9 |
|a film screenplays
|2 eczenas
|
| 700 |
1 |
|
|a Skačáni, Miroslav,
|d 1950-
|7 xx0019924
|4 aut
|
| 910 |
|
|
|a ZLD002
|
| 952 |
|
|
|0 0
|1 0
|4 0
|6 885SVÁTEKD
|7 0
|8 BOOK
|9 99651
|a UTBZL
|b UTBZL
|c 005
|d 2009-12-15
|l 1
|o 885/SVÁTEK,D.
|p 420010129222
|r 2019-08-26 00:00:00
|v 199.00
|w 2019-08-26
|x N:nákup, převod z FMK, Šviráková,E. | 20100920
|y 01
|
| 992 |
|
|
|a BK
|b SK
|d 1
|
| 901 |
|
|
|a ISBN 978-80-251-2176-4
|b 9788025122785
|f 1. vyd.
|g Chybný čárový kód přelepen v celém nákladu; toto ISBN náleží publikaci: ZÁPOTOCKÝ, Vladimír: Temné stíny fotbaliu
|o 20091103
|
| 999 |
|
|
|c 54409
|d 54409
|